Na čo si dávať pozor pri žiadaní o fondy?

Ako sa vyhnúť chybám pri príprave projektu.

Salvato in:
Dettagli Bibliografici
Autore principale: Šuranský, M.
Natura: Capitolo di libro
Lingua:slovacco
Soggetti:
Tags: Aggiungi Tag
Nessun Tag, puoi essere il primo ad aggiungerne!!

MARC

LEADER 00000naa a2200000 4500
001 0211555
005 20231208070650.8
041 0 |a slo 
044 |a SK 
245 1 0 |a Na čo si dávať pozor pri žiadaní o fondy?  |c M. Šuranský 
520 |a Ako sa vyhnúť chybám pri príprave projektu. 
610 2 0 |a fondy Európskej únie 
610 2 0 |a financovanie projektové 
100 1 |a Šuranský, M.